| 000 | 01640nam a2200289 4500 | ||
|---|---|---|---|
| 010 | _aA-110057 | ||
| 020 | _c300.00 | ||
| 035 | _aA-110057 | ||
| 037 | _bCen Lib / Ret | ||
| 040 |
_aDPL _bHN |
||
| 082 |
_a220.21 _bकरपा |
||
| 100 | _aकरपात्रमहराजा | ||
| 245 |
_aवेदार्थपारिजात / _cकरपात्रमहराजा ;अनुवादक ब्रजवल्लभदिवेदी ; संपादक पट्टाभिरामशास्त्री, मार्कण्डेय ब्रह्मचारी और गजाननशास्त्री मुसलगावकार |
||
| 246 |
_aVedaarthpararijata / _bby karpatr ; translated by Brijvallbhdiwedi ; edited by Pattabhiramshastri , Markandy Bharmachari and Gajannshastri Muslgaokar |
||
| 260 |
_aकलकाता _bश्रीराधाकृष्ण धानुका प्रकाशन संस्थान _c1938 |
||
| 270 |
_a14 नेताजी सुभाष रोड _bकलकाता |
||
| 300 |
_av 1.608p. ; v 2.609-2274p. _b24cm(Hb) |
||
| 650 | _aHindu Relition | ||
| 650 | _aHindu philosophy | ||
| 650 | _aहिंदू दर्शन | ||
| 650 | _aहिंदू धर्म | ||
| 700 | _aब्रजवल्लभदिवेदी | ||
| 700 | _aपट्टाभिरामशास्त्री | ||
| 700 | _aमार्कण्डेय ब्रह्मचारी | ||
| 700 | _aगजाननशास्त्री मुसलगावकार | ||
| 942 |
_2ddc _cHN _h220.21 _mकरपा |
||
| 999 |
_c122233 _d122233 |
||